Statistics for NBA Draft 2019

Click here to take the quiz!

General Stats

  • This quiz has been taken 178 times
  • The average score is 30 of 60

Answer Stats

CollegeTeamPos.Answer% Correct
Murray StateGrizzliesPGJa Morant
100%
DukeKnicksSG/SFRJ Barrett
100%
DukePelicansFZion Williamson
100%
North CarolinaBullsPGCoby White
95%
TexasPelicansCJaxson Hayes
94%
VanderbiltCavaliersPGDarius Garland
93%
VirginiaHawksFDe'Andre Hunter
93%
KentuckyHeatSGTyler Herro
93%
DukeHawksSFCam Reddish
91%
TennesseeCelticsPFGrant Williams
91%
Texas TechTimberwolvesSGJarrett Culver
87%
GonzagaWizardsPFRui Hachimura
87%
North CarolinaSunsSG/SFCam Johnson
85%
KentuckySpursSG/SFKeldon Johnson
85%
KentuckyHornetsFPJ Washington
84%
IndianaCelticsGRomeo Langford
75%
Virginia TechPelicansGNickeil Alexander-Walker
66%
GonzagaGrizzliesPFBrandon Clarke
65%
N/APistonsFSekou Doumbouya
64%
MichiganWarriorsSGJordan Poole
63%
PurdueCelticsPGCarsen Edwards
61%
North CarolinaTrail BlazersSFNassir Little
60%
Washington76ersFMatisse Thybulle
58%
OregonNuggetsCBol Bol
56%
USCCavaliersSGKevin Porter Jr
54%
N/APacersCGoga Bitadze
53%
VirginiaSunsGTy Jerome
53%
VillanovaWarriorsFEric Paschall
50%
AuburnMagicFChuma Okeke
48%
BelmontCavaliersSFDylan Windler
46%
N/AThunderFDarius Bazley
44%
NevadaHornetsSFCody Martin
43%
MarylandHawksCBruno Fernando
42%
VirginiaKingsPGKyle Guy
42%
GeorgiaNetsPF/CNic Claxton
42%
ArkansasBullsCDaniel Gafford
36%
Florida StateClippersSG/SFTerance Mann
36%
LSUCelticsPGTremont Waters
35%
N/ASpursPFLuka Samanic
34%
Florida StateClippersPF/CMfiondu Kabengele
34%
Iowa StateLakersFTalen Horton-Tucker
31%
TennesseeWizardsSG/SFAdmiral Schofield
30%
StanfordHeatSG/SFKZ Okpala
30%
TennesseePistonsPGJordan Bone
27%
YaleJazzGMiye Oni
25%
San Diego StateHornetsPFJalen McDaniels
21%
UCLANetsGJaylen Hands
19%
MichiganKnicksSFIggy Brazdeikis
17%
NebraskaPistonsFIsaiah Roby
15%
WyomingKingsSGJustin James
15%
Iowa State76ersSG/SFMarial Shayok
15%
WashingtonTimberwolvesSGJaylen Nowell
13%
Mississippi StateSpursGQuinndary Weatherspoon
12%
N/AWarriorsCAlen Smailagic
11%
MiamiRaptorsPF/CDewan Hernandez
11%
HofstraJazzPGJustin Wright-Foreman
8%
N/APelicansSFMarcos Louzada Silva
7%
CharlestonJazzPFJarrell Brantley
5%
N/APistonsSFDeividas Sirvydis
4%
N/AKingsSGVanja Marinkovic
2%

Score Distribution

Percentile by Number Answered

Percent of People with Each Score

Your Score History

You have not taken this quiz